| 000 | 01516cam a2200265 4500 | ||
|---|---|---|---|
| 001 | 292245 | ||
| 003 | ARRUPE | ||
| 005 | 20221121114100.0 | ||
| 008 | 691006s1969 nyu b 000 0 eng | ||
| 010 | _a 70084978 | ||
| 028 | _bArrupe | ||
| 040 |
_aDLC _cDLC _dDLC |
||
| 050 | 0 | 0 |
_aPN6149.M6 _bH9 |
| 082 | 0 | 0 | _a202/.07 |
| 100 | 1 |
_aHyers, M. Conrad, _ecomp. _951883 |
|
| 245 | 1 | 0 |
_aHoly laughter; _bessays on religion in the comic perspective, _cedited by M. Conrad Hyers. |
| 260 |
_aNew York, _bSeabury Press _c[1969] |
||
| 300 |
_avi, 264 p. _c22 cm. |
||
| 350 | _a6.95 | ||
| 504 | _aIncludes bibliographical references. | ||
| 505 | 0 | _aThe comic profanation of the sacred, by M. C. Hyers.--The humanity of comedy, by W. F. Lynch.--The bias of comedy and the narrow escape into faith, by N. A. Scott, Jr.--The clown as the lord of disorder, by W. M. Zucker.--The clown in contemporary art, by S. H. Miller.--The rhetoric of Christian comedy, by B. Ulanov.--Christian faith and the social comedy, by P. L. Berger.--Humour and faith, by R. Niebuhr.--The traditional roots of Jewish humour, by I. Knox.--The humour of Christ, by E. Trueblood.--Eutrapelia: A forgotten virtue, by H. Rahner.--Zen humour, by R. H. Blyth.--The dialectic of the sacred and the comic, by M. C. Hyers.--On being with it: An afterword, by C. Walsh.--Appendix: Christian sobriety, by R. Barclay. | |
| 650 | 0 |
_aWit and humor _xReligious aspects. _951884 |
|
| 906 |
_a7 _bcbc _corignew _du _encip _f19 _gy-gencatlg |
||
| 942 |
_2lcc _cMONOGRAPH |
||
| 999 |
_c131549 _d131549 |
||